[Event "Wolrd Chess Olympiad 2018"]
[Site "Batumi"]
[Date "2018.10.04"]
[Round "10"]
[Board "1"]
[WhiteFideId "1126768"]
[White "Belzo Krzysztof"]
[BlackFideId "16600037"]
[Black "Montel Jr Cyril Tomas"]
[Result "1-0"]
[LiveChessVersion "1.4.8"]
[BlackElo "1882"]
[WhiteElo "2057"]

1. c4 {[%clk 1:30:57]} e5 {[%clk 1:30:42]} 2. Nc3 {[%clk 1:31:23]} Nf6
{[%clk 1:31:03]} 3. g3 {[%clk 1:31:49]} Nc6 {[%clk 1:30:42]} 4. Bg2
{[%clk 1:32:15]} Bb4 {[%clk 1:30:44]} 5. e4 {[%clk 1:32:29]} d6 {[%clk 1:29:10]}
6. Nge2 {[%clk 1:32:19]} Be6 {[%clk 1:25:42]} 7. Nd5 {[%clk 1:31:18]} Bc5
{[%clk 1:24:20]} 8. d3 {[%clk 1:25:57]} h6 {[%clk 1:24:38]} 9. Be3
{[%clk 1:25:53]} Bxe3 {[%clk 1:19:43]} 10. Nxe3 {[%clk 1:22:43]} Ng4
{[%clk 1:16:50]} 11. Nd5 {[%clk 1:18:30]} f5 {[%clk 1:14:28]} 12. d4
{[%clk 1:07:04]} O-O {[%clk 1:09:42]} 13. h3 {[%clk 0:59:14]} Nf6
{[%clk 1:07:16]} 14. Nxf6+ {[%clk 0:59:30]} Qxf6 {[%clk 1:04:54]} 15. d5
{[%clk 0:59:55]} fxe4 {[%clk 1:04:44]} 16. O-O {[%clk 1:00:09]} Bxh3
{[%clk 0:59:48]} 17. Bxh3 {[%clk 0:59:21]} Ne7 {[%clk 0:59:40]} 18. Nc3
{[%clk 0:57:58]} Qg6 {[%clk 0:55:33]} 19. Qg4 {[%clk 0:58:08]} h5
{[%clk 0:51:43]} 20. Qxg6 {[%clk 0:57:24]} Nxg6 {[%clk 0:52:04]} 21. Nxe4
{[%clk 0:57:08]} h4 {[%clk 0:52:25]} 22. Kg2 {[%clk 0:57:21]} Kh8
{[%clk 0:47:42]} 23. Be6 {[%clk 0:53:25]} Ne7 {[%clk 0:47:26]} 24. Rh1
{[%clk 0:53:09]} Ng6 {[%clk 0:46:15]} 25. Rh3 {[%clk 0:50:38]} Rae8
{[%clk 0:46:38]} 26. Ng5 {[%clk 0:50:04]} Re7 {[%clk 0:46:17]} 27. Rah1
{[%clk 0:50:02]} Rxe6 {[%clk 0:46:07]} 28. Nxe6 {[%clk 0:50:19]} Rf7
{[%clk 0:46:18]} 29. gxh4 {[%clk 0:50:02]} c6 {[%clk 0:46:11]} 30. h5
{[%clk 0:50:14]} Ne7 {[%clk 0:46:29]} 31. Rf3 {[%clk 0:49:31]} Rxf3
{[%clk 0:45:55]} 32. Kxf3 {[%clk 0:49:56]} cxd5 {[%clk 0:46:16]} 33. cxd5
{[%clk 0:50:02]} Nxd5 {[%clk 0:46:37]} 34. Ng5 {[%clk 0:49:56]} 1-0

[Event "Wolrd Chess Olympiad 2018"]
[Site "Batumi"]
[Date "2018.10.04"]
[Round "10"]
[Board "2"]
[WhiteFideId "16601661"]
[White "Tan Santiago Jr"]
[BlackFideId "15600017"]
[Black "Wojciechowski Paul"]
[Result "1-0"]
[LiveChessVersion "1.4.8"]
[BlackElo "1904"]
[WhiteElo "1823"]

1. d4 {[%clk 1:30:45]} Nf6 {[%clk 1:30:51]} 2. Nf3 {[%clk 1:30:58]} g6
{[%clk 1:31:00]} 3. Nc3 {[%clk 1:31:11]} d5 {[%clk 1:30:32]} 4. Bf4
{[%clk 1:31:22]} Bg7 {[%clk 1:30:23]} 5. h3 {[%clk 1:31:14]} O-O {[%clk 1:27:49]}
6. Qd2 {[%clk 1:30:54]} a6 {[%clk 1:26:29]} 7. Bh6 {[%clk 1:30:23]} b5
{[%clk 1:18:42]} 8. Bxg7 {[%clk 1:30:15]} Kxg7 {[%clk 1:19:06]} 9. a3
{[%clk 1:30:28]} Qd6 {[%clk 1:15:33]} 10. e3 {[%clk 1:30:16]} Nbd7
{[%clk 1:13:25]} 11. Bd3 {[%clk 1:28:33]} Bb7 {[%clk 1:07:39]} 12. b4
{[%clk 1:28:30]} e5 {[%clk 1:07:02]} 13. Be2 {[%clk 1:27:50]} e4 {[%clk 1:01:53]}
14. Nh2 {[%clk 1:27:19]} c6 {[%clk 1:01:46]} 15. O-O {[%clk 1:27:24]} a5
{[%clk 1:00:36]} 16. bxa5 {[%clk 1:25:29]} Qc7 {[%clk 1:00:46]} 17. Na2
{[%clk 1:24:07]} Rxa5 {[%clk 1:00:52]} 18. Qc3 {[%clk 1:23:59]} Rfa8
{[%clk 0:56:29]} 19. Nb4 {[%clk 1:23:08]} Qd6 {[%clk 0:53:29]} 20. Rfb1
{[%clk 1:21:42]} Ra4 {[%clk 0:47:30]} 21. Qb2 {[%clk 1:21:37]} Nb6
{[%clk 0:46:45]} 22. c3 {[%clk 1:21:10]} R4a5 {[%clk 0:44:53]} 23. Qc1
{[%clk 1:20:31]} Bc8 {[%clk 0:43:27]} 24. Rb3 {[%clk 1:16:05]} Bd7
{[%clk 0:40:43]} 25. Nf1 {[%clk 1:13:28]} h6 {[%clk 0:24:41]} 26. Ng3
{[%clk 1:12:51]} Rf8 {[%clk 0:21:26]} 27. Qd2 {[%clk 1:10:26]} Nh7
{[%clk 0:19:25]} 28. Bf1 {[%clk 1:08:13]} f5 {[%clk 0:18:14]} 29. Ne2
{[%clk 1:08:30]} g5 {[%clk 0:16:36]} 30. g3 {[%clk 1:08:31]} Nf6 {[%clk 0:12:44]}
31. Bg2 {[%clk 1:08:24]} Nc4 {[%clk 0:10:49]} 32. Qc1 {[%clk 1:06:47]} Nh5
{[%clk 0:10:37]} 33. Ra2 {[%clk 0:57:42]} Kh7 {[%clk 0:06:23]} 34. Kh1
{[%clk 0:54:38]} f4 {[%clk 0:05:47]} 35. exf4 {[%clk 0:54:42]} gxf4
{[%clk 0:06:11]} 36. gxf4 {[%clk 0:53:52]} Nxf4 {[%clk 0:06:32]} 37. Nxf4
{[%clk 0:47:11]} Rxf4 {[%clk 0:06:57]} 38. Re2 {[%clk 0:43:49]} Rh4
{[%clk 0:06:14]} 39. Qf1 {[%clk 0:43:41]} Qf4 {[%clk 0:06:01]} 40. Nc2
{[%clk 1:13:43]} Nd2 {[%clk 0:33:54]} 41. Rxd2 {[%clk 1:13:53]} Qxd2
{[%clk 0:34:20]} 42. Ne3 {[%clk 1:13:58]} Rf4 {[%clk 0:32:01]} 43. Kg1
{[%clk 1:11:43]} Qa2 {[%clk 0:31:24]} 44. Rb1 {[%clk 1:09:16]} Qxa3
{[%clk 0:31:36]} 45. c4 {[%clk 1:08:53]} dxc4 {[%clk 0:30:17]} 46. d5
{[%clk 1:08:57]} Qf8 {[%clk 0:26:15]} 47. dxc6 {[%clk 1:08:26]} Bxc6
{[%clk 0:26:39]} 48. Qe1 {[%clk 1:08:31]} Ra2 {[%clk 0:25:45]} 49. Nd1
{[%clk 1:07:47]} Qf6 {[%clk 0:21:13]} 50. Qe3 {[%clk 1:07:29]} Qe5
{[%clk 0:18:06]} 51. Qb6 {[%clk 1:03:54]} Rf6 {[%clk 0:18:01]} 52. Ne3
{[%clk 1:02:27]} Raxf2 {[%clk 0:15:05]} 53. Ng4 {[%clk 1:01:49]} Rxg2+
{[%clk 0:15:23]} 54. Kxg2 {[%clk 1:01:49]} Qg5 {[%clk 0:14:03]} 55. Qc7+
{[%clk 0:59:30]} Kg6 {[%clk 0:12:51]} 56. Qg3 {[%clk 0:59:26]} Re6
{[%clk 0:10:40]} 57. h4 {[%clk 0:59:36]} Qd2+ {[%clk 0:10:25]} 58. Kh3
{[%clk 0:59:37]} Kh7 {[%clk 0:09:45]} 59. Rf1 {[%clk 0:59:33]} Qd7
{[%clk 0:08:52]} 60. Kh2 {[%clk 0:59:18]} Qd6 {[%clk 0:04:38]} 61. Rf7+
{[%clk 0:58:48]} Kh8 {[%clk 0:04:54]} 62. Rf4 {[%clk 0:58:49]} Rg6
{[%clk 0:04:06]} 63. h5 {[%clk 0:58:29]} Rg5 {[%clk 0:03:20]} 64. Qc3+
{[%clk 0:58:32]} Rg7 {[%clk 0:03:29]} 65. Ne5 {[%clk 0:58:19]} Be8
{[%clk 0:03:21]} 66. Kh3 {[%clk 0:55:36]} Qd1 {[%clk 0:02:34]} 67. Ng6+
{[%clk 0:52:20]} Bxg6 {[%clk 0:01:16]} 68. Rf8+ {[%clk 0:52:16]} Kh7
{[%clk 0:01:41]} 69. hxg6+ {[%clk 0:52:29]} Kxg6 {[%clk 0:01:50]} 70. Qf6+
{[%clk 0:52:23]} Kh5 {[%clk 0:01:16]} 71. Qe5+ {[%clk 0:49:34]} Kg6
{[%clk 0:00:33]} 72. Qxe4+ {[%clk 0:49:52]} Kh5 {[%clk 0:00:56]} 73. Rf5+ 1-0

[Event "Wolrd Chess Olympiad 2018"]
[Site "Batumi"]
[Date "2018.10.04"]
[Round "10"]
[Board "3"]
[WhiteFideId "15600106"]
[White "Mooney Graham"]
[BlackFideId "16600614"]
[Black "Cabuso Rustum"]
[Result "1-0"]
[LiveChessVersion "1.4.8"]
[BlackElo "1730"]
[WhiteElo "1892"]

1. e4 {[%clk 1:30:55]} c5 {[%clk 1:30:37]} 2. Nf3 {[%clk 1:31:13]} Nc6
{[%clk 1:30:43]} 3. d4 {[%clk 1:31:07]} cxd4 {[%clk 1:30:41]} 4. Nxd4
{[%clk 1:31:14]} Nxd4 {[%clk 1:30:33]} 5. Qxd4 {[%clk 1:31:30]} e6
{[%clk 1:30:03]} 6. Nc3 {[%clk 1:30:56]} a6 {[%clk 1:29:24]} 7. Be2
{[%clk 1:26:55]} d6 {[%clk 1:28:29]} 8. O-O {[%clk 1:26:12]} Bd7 {[%clk 1:28:11]}
9. Be3 {[%clk 1:23:59]} Qc7 {[%clk 1:27:34]} 10. Rad1 {[%clk 1:21:19]} Nf6
{[%clk 1:26:47]} 11. Rd2 {[%clk 1:18:26]} Rd8 {[%clk 1:23:30]} 12. Rfd1
{[%clk 1:15:16]} e5 {[%clk 1:20:31]} 13. Qd3 {[%clk 1:14:44]} Bc6
{[%clk 1:20:09]} 14. Nd5 {[%clk 1:13:11]} Bxd5 {[%clk 1:19:41]} 15. exd5
{[%clk 1:13:11]} g6 {[%clk 1:18:21]} 16. Bg5 {[%clk 1:11:23]} Be7
{[%clk 1:14:45]} 17. Bh6 {[%clk 1:09:21]} Bf8 {[%clk 1:14:58]} 18. Be3
{[%clk 1:08:33]} Be7 {[%clk 1:12:35]} 19. Qb3 {[%clk 1:06:07]} Rc8
{[%clk 1:12:21]} 20. f4 {[%clk 1:00:18]} exf4 {[%clk 1:10:45]} 21. Bxf4
{[%clk 0:53:27]} O-O {[%clk 1:10:33]} 22. Bf3 {[%clk 0:47:27]} Rfe8
{[%clk 1:09:42]} 23. Be3 {[%clk 0:44:04]} Bf8 {[%clk 1:06:44]} 24. Bd4
{[%clk 0:42:25]} Bg7 {[%clk 1:06:03]} 25. Bb6 {[%clk 0:35:41]} Qd7
{[%clk 1:04:19]} 26. Rf1 {[%clk 0:32:08]} Ng4 {[%clk 1:02:47]} 27. Bd4
{[%clk 0:18:49]} Be5 {[%clk 0:59:14]} 28. Bxg4 {[%clk 0:17:16]} Qxg4
{[%clk 0:59:02]} 29. Bxe5 {[%clk 0:17:34]} Rxe5 {[%clk 0:57:37]} 30. Qxb7
{[%clk 0:17:20]} Rf8 {[%clk 0:55:35]} 31. Qxa6 {[%clk 0:12:52]} Qb4
{[%clk 0:56:02]} 32. c3 {[%clk 0:12:27]} Qc5+ {[%clk 0:56:25]} 33. Kh1
{[%clk 0:12:43]} Rxd5 {[%clk 0:56:39]} 34. Rxd5 {[%clk 0:12:46]} Qxd5
{[%clk 0:57:07]} 35. a4 {[%clk 0:11:23]} Ra8 {[%clk 0:57:00]} 36. Qb5
{[%clk 0:11:30]} Qxb5 {[%clk 0:56:48]} 37. axb5 {[%clk 0:11:52]} Rb8
{[%clk 0:57:07]} 38. c4 {[%clk 0:11:38]} d5 {[%clk 0:57:36]} 39. b3
{[%clk 0:11:50]} Kf8 {[%clk 0:57:17]} 40. Rd1 {[%clk 0:42:05]} dxc4
{[%clk 1:26:25]} 41. bxc4 {[%clk 0:38:50]} Ke7 {[%clk 1:24:49]} 42. Kg1
{[%clk 0:38:51]} Rd8 {[%clk 1:25:16]} 43. Rxd8 {[%clk 0:38:46]} Kxd8
{[%clk 1:25:45]} 44. Kf2 {[%clk 0:39:08]} Kc7 {[%clk 1:24:40]} 45. c5
{[%clk 0:39:22]} h5 {[%clk 1:23:22]} 46. Ke3 {[%clk 0:39:05]} f6 {[%clk 1:21:35]}
47. Ke4 {[%clk 0:38:38]} Kd7 {[%clk 1:21:41]} 48. Kd5 {[%clk 0:38:43]} f5
{[%clk 1:21:40]} 49. b6 {[%clk 0:38:55]} g5 {[%clk 1:21:44]} 50. c6+
{[%clk 0:39:05]} Kc8 {[%clk 1:21:59]} 51. Ke5 {[%clk 0:39:07]} f4
{[%clk 1:22:22]} 52. h4 {[%clk 0:38:23]} f3 {[%clk 1:20:31]} 53. gxf3
{[%clk 0:38:44]} g4 {[%clk 1:20:59]} 54. fxg4 {[%clk 0:39:04]} hxg4
{[%clk 1:21:22]} 55. h5 {[%clk 0:38:10]} g3 {[%clk 1:21:50]} 56. h6
{[%clk 0:38:39]} 1-0

[Event "Wolrd Chess Olympiad 2018"]
[Site "Batumi"]
[Date "2018.10.04"]
[Round "10"]
[Board "4"]
[WhiteFideId "16601246"]
[White "Toribiong Leif"]
[BlackFideId "15600238"]
[Black "Wilson David"]
[Result "0-1"]
[LiveChessVersion "1.4.8"]
[BlackElo "1651"]
[WhiteElo "1323"]

1. d4 {[%clk 1:30:44]} e6 {[%clk 1:30:55]} 2. Nf3 {[%clk 1:30:03]} Nf6
{[%clk 1:30:54]} 3. g3 {[%clk 1:29:48]} b6 {[%clk 1:30:45]} 4. Bg2
{[%clk 1:29:45]} Bb7 {[%clk 1:31:13]} 5. O-O {[%clk 1:29:51]} c5 {[%clk 1:31:12]}
6. c3 {[%clk 1:28:59]} Be7 {[%clk 1:30:58]} 7. Re1 {[%clk 1:26:36]} O-O
{[%clk 1:30:57]} 8. Ng5 {[%clk 1:24:57]} Bxg2 {[%clk 1:30:32]} 9. Kxg2
{[%clk 1:25:21]} Nd5 {[%clk 1:27:53]} 10. Nf3 {[%clk 1:24:18]} d6
{[%clk 1:28:02]} 11. e4 {[%clk 1:23:09]} Nf6 {[%clk 1:26:28]} 12. e5
{[%clk 1:20:45]} dxe5 {[%clk 1:25:48]} 13. Nxe5 {[%clk 1:18:20]} Nfd7
{[%clk 1:22:16]} 14. Qf3 {[%clk 1:15:25]} Na6 {[%clk 1:21:39]} 15. Nc6
{[%clk 1:14:31]} Qe8 {[%clk 1:22:00]} 16. Bf4 {[%clk 1:12:10]} cxd4
{[%clk 1:21:11]} 17. Nxe7+ {[%clk 1:06:34]} Qxe7 {[%clk 1:21:31]} 18. cxd4
{[%clk 1:06:23]} Qb4 {[%clk 1:17:31]} 19. Nc3 {[%clk 1:02:13]} Qxb2
{[%clk 1:15:01]} 20. d5 {[%clk 0:58:45]} exd5 {[%clk 1:12:14]} 21. Nxd5
{[%clk 0:58:55]} Qc2 {[%clk 1:02:31]} 22. a3 {[%clk 0:54:39]} Kh8
{[%clk 1:01:34]} 23. Rac1 {[%clk 0:53:41]} Qf5 {[%clk 0:56:38]} 24. g4
{[%clk 0:51:18]} Qg6 {[%clk 0:55:03]} 25. Nc7 {[%clk 0:51:11]} Nxc7
{[%clk 0:53:31]} 26. Rxc7 {[%clk 0:50:10]} Nc5 {[%clk 0:51:21]} 27. Rd1
{[%clk 0:39:38]} f5 {[%clk 0:40:57]} 28. Bd6 {[%clk 0:35:08]} Rg8
{[%clk 0:36:18]} 29. h3 {[%clk 0:32:05]} h5 {[%clk 0:29:08]} 30. Rd4
{[%clk 0:27:29]} Ne6 {[%clk 0:27:14]} 31. Rdc4 {[%clk 0:23:19]} Nxc7
{[%clk 0:26:34]} 32. Bxc7 {[%clk 0:23:22]} Rac8 {[%clk 0:24:22]} 33. Rc6
{[%clk 0:21:46]} Qf7 {[%clk 0:16:10]} 34. gxf5 {[%clk 0:19:39]} Rge8
{[%clk 0:14:36]} 35. Be5 {[%clk 0:15:48]} Rxc6 {[%clk 0:11:26]} 36. Qxc6
{[%clk 0:15:23]} Rxe5 {[%clk 0:11:14]} 37. Qa8+ {[%clk 0:14:48]} Kh7
{[%clk 0:10:57]} 38. Qf3 {[%clk 0:11:19]} Qd5 {[%clk 0:11:06]} 39. h4
{[%clk 0:08:52]} Qxf3+ {[%clk 0:11:21]} 40. Kxf3 {[%clk 0:39:01]} Rxf5+
{[%clk 0:41:50]} 41. Kg3 {[%clk 0:38:53]} Ra5 {[%clk 0:42:12]} 42. Kf4
{[%clk 0:38:54]} Rxa3 {[%clk 0:42:24]} 43. f3 {[%clk 0:38:53]} Rc3
{[%clk 0:42:42]} 44. Ke4 {[%clk 0:39:10]} a5 {[%clk 0:42:44]} 0-1

[Event "World Chess Olympiad 2018"]
[Site "Batumi"]
[Date "2018.10.04"]
[Round "10"]
[Board "1"]
[WhiteFideId "9100024"]
[White "Fancy Stuart"]
[BlackFideId "6800068"]
[Black "McTigue James"]
[Result "1-0"]
[LiveChessVersion "1.4.8"]
[BlackElo "2116"]
[WhiteElo "1950"]

1. e4 {[%clk 1:30:58]} e6 {[%clk 1:30:54]} 2. d4 {[%clk 1:31:24]} d5
{[%clk 1:31:20]} 3. exd5 {[%clk 1:31:12]} exd5 {[%clk 1:31:44]} 4. Nf3
{[%clk 1:31:14]} c6 {[%clk 1:31:54]} 5. h3 {[%clk 1:31:13]} Bd6 {[%clk 1:31:58]}
6. Bd3 {[%clk 1:31:30]} h6 {[%clk 1:27:28]} 7. O-O {[%clk 1:31:35]} Ne7
{[%clk 1:27:46]} 8. b3 {[%clk 1:28:37]} Be6 {[%clk 1:27:09]} 9. Bb2
{[%clk 1:28:50]} Nd7 {[%clk 1:17:29]} 10. Ne5 {[%clk 1:28:37]} Qc7
{[%clk 1:09:11]} 11. f4 {[%clk 1:25:38]} Nxe5 {[%clk 1:00:39]} 12. fxe5
{[%clk 1:22:12]} Bb4 {[%clk 1:00:47]} 13. Nd2 {[%clk 1:21:51]} Qd7
{[%clk 0:57:53]} 14. a3 {[%clk 1:20:12]} Ba5 {[%clk 0:58:16]} 15. b4
{[%clk 1:20:34]} Bc7 {[%clk 0:55:43]} 16. Nb3 {[%clk 1:20:39]} b6
{[%clk 0:55:49]} 17. Qf3 {[%clk 1:19:43]} O-O-O {[%clk 0:51:14]} 18. a4
{[%clk 1:18:34]} g5 {[%clk 0:51:37]} 19. b5 {[%clk 1:16:28]} h5 {[%clk 0:45:22]}
20. bxc6 {[%clk 1:15:26]} Nxc6 {[%clk 0:42:17]} 21. Bb5 {[%clk 1:15:18]} g4
{[%clk 0:42:04]} 22. Qc3 {[%clk 1:15:39]} gxh3 {[%clk 0:33:55]} 23. Bxc6
{[%clk 1:15:50]} Qe7 {[%clk 0:34:11]} 24. a5 {[%clk 1:12:20]} hxg2
{[%clk 0:34:06]} 25. Rf6 {[%clk 1:12:13]} Rdg8 {[%clk 0:33:23]} 26. axb6
{[%clk 1:12:34]} Bxb6 {[%clk 0:31:22]} 27. Ba3 {[%clk 1:12:23]} Qd8
{[%clk 0:25:36]} 28. Bd6 {[%clk 1:12:02]} Bc7 {[%clk 0:25:21]} 29. Qb4
{[%clk 1:11:01]} 1-0

[Event "World Chess Olympiad 2018"]
[Site "Batumi"]
[Date "2018.10.04"]
[Round "10"]
[Board "2"]
[WhiteFideId "2402076"]
[White "Dempsey John"]
[BlackFideId "9100075"]
[Black "Press Shaun"]
[Result "1/2-1/2"]
[LiveChessVersion "1.4.8"]
[BlackElo "1935"]
[WhiteElo "1888"]

1. d4 {[%clk 1:30:57]} d5 {[%clk 1:30:54]} 2. Bf4 {[%clk 1:31:16]} Nf6
{[%clk 1:31:15]} 3. e3 {[%clk 1:31:32]} e6 {[%clk 1:31:39]} 4. Nf3
{[%clk 1:31:48]} Bd6 {[%clk 1:31:43]} 5. Ne5 {[%clk 1:19:47]} O-O
{[%clk 1:31:44]} 6. Bd3 {[%clk 1:19:47]} b6 {[%clk 1:29:37]} 7. Qe2
{[%clk 1:18:20]} Bb7 {[%clk 1:28:37]} 8. Nd2 {[%clk 1:15:18]} c5 {[%clk 1:25:03]}
9. c3 {[%clk 1:15:37]} h6 {[%clk 1:22:36]} 10. g4 {[%clk 1:00:59]} Ne4
{[%clk 1:17:14]} 11. Ndf3 {[%clk 0:56:53]} cxd4 {[%clk 1:09:12]} 12. exd4
{[%clk 0:55:39]} f6 {[%clk 1:08:07]} 13. Ng6 {[%clk 0:54:58]} Bxf4
{[%clk 1:08:30]} 14. Nxf4 {[%clk 0:54:03]} Re8 {[%clk 1:02:49]} 15. Ng2
{[%clk 0:50:35]} e5 {[%clk 0:54:34]} 16. Ne3 {[%clk 0:50:22]} Nd6
{[%clk 0:44:46]} 17. Bg6 {[%clk 0:46:39]} Re7 {[%clk 0:43:51]} 18. O-O-O
{[%clk 0:46:38]} Ba6 {[%clk 0:37:52]} 19. Qd2 {[%clk 0:45:08]} e4
{[%clk 0:34:52]} 20. Nh4 {[%clk 0:35:22]} Nc4 {[%clk 0:33:35]} 21. Nxc4
{[%clk 0:31:44]} Bxc4 {[%clk 0:33:59]} 22. b3 {[%clk 0:31:20]} Ba6
{[%clk 0:34:09]} 23. Nf5 {[%clk 0:31:21]} Rc7 {[%clk 0:34:06]} 24. h4
{[%clk 0:31:10]} Nc6 {[%clk 0:32:05]} 25. Kb2 {[%clk 0:30:27]} Ne7
{[%clk 0:28:39]} 26. Nxe7+ {[%clk 0:27:34]} Qxe7 {[%clk 0:28:39]} 27. Qe3
{[%clk 0:25:19]} Rac8 {[%clk 0:26:06]} 28. Rc1 {[%clk 0:25:35]} Bb5
{[%clk 0:26:10]} 29. g5 {[%clk 0:25:15]} fxg5 {[%clk 0:25:51]} 30. hxg5
{[%clk 0:25:36]} Qxg5 {[%clk 0:26:09]} 31. Qxg5 {[%clk 0:25:31]} hxg5
{[%clk 0:26:29]} 1/2-1/2

[Event "World Chess Olympiad 2018"]
[Site "Batumi"]
[Date "2018.10.04"]
[Round "10"]
[Board "1"]
[WhiteFideId "10002235"]
[White "Mdoe Yusuf"]
[BlackFideId "21400113"]
[Black "Mimbasa Kutesa Willy"]
[Result "0-1"]
[LiveChessVersion "1.4.8"]
[BlackElo "1760"]
[WhiteElo "1771"]

1. d4 {[%clk 1:22:28]} d5 {[%clk 1:30:48]} 2. Nf3 {[%clk 1:22:46]} e6
{[%clk 1:29:46]} 3. e3 {[%clk 1:23:02]} c5 {[%clk 1:29:28]} 4. b3
{[%clk 1:23:12]} Nf6 {[%clk 1:29:26]} 5. Bd3 {[%clk 1:23:18]} Be7
{[%clk 1:28:55]} 6. dxc5 Bxc5 7. Bb2 {[%clk 1:22:50]} Nc6 {[%clk 1:28:36]} 8. a3
{[%clk 1:22:12]} O-O {[%clk 1:28:03]} 9. O-O {[%clk 1:22:33]} Nd7
{[%clk 1:27:45]} 10. Nbd2 {[%clk 1:22:23]} e5 {[%clk 1:27:36]} 11. e4
{[%clk 1:21:11]} d4 {[%clk 1:27:25]} 12. b4 {[%clk 1:21:02]} Bd6 {[%clk 1:27:06]}
13. c3 {[%clk 1:21:01]} Qf6 {[%clk 1:25:13]} 14. b5 {[%clk 1:20:04]} dxc3
{[%clk 1:24:46]} 15. Bxc3 {[%clk 1:14:29]} Ne7 {[%clk 1:24:58]} 16. Nc4
{[%clk 1:13:43]} Bc7 {[%clk 1:24:14]} 17. Qc1 {[%clk 1:12:18]} Ng6
{[%clk 1:24:07]} 18. Qb2 {[%clk 1:08:35]} Nc5 {[%clk 1:22:23]} 19. Bc2
{[%clk 1:08:14]} Re8 {[%clk 1:21:29]} 20. Rfe1 {[%clk 1:06:11]} Bh3
{[%clk 1:17:14]} 21. Re3 {[%clk 1:06:13]} Bg4 {[%clk 1:16:04]} 22. h3
{[%clk 1:05:29]} Bxf3 {[%clk 1:15:18]} 23. Rxf3 {[%clk 1:05:27]} Nf4
{[%clk 1:15:02]} 24. Re1 {[%clk 1:05:01]} h5 {[%clk 1:13:54]} 25. Kh2
{[%clk 1:01:38]} Qe6 {[%clk 1:12:39]} 26. Nd2 {[%clk 0:58:14]} Rad8
{[%clk 1:11:30]} 27. Ree3 {[%clk 0:55:25]} Bb6 {[%clk 1:07:23]} 28. Qb1
{[%clk 0:53:25]} h4 {[%clk 1:02:41]} 29. Bb4 {[%clk 0:47:56]} Rd7
{[%clk 0:59:51]} 30. Re1 {[%clk 0:44:41]} Red8 {[%clk 0:59:22]} 31. Bb3
{[%clk 0:44:26]} Nxb3 {[%clk 0:57:37]} 32. Nxb3 {[%clk 0:44:04]} Rd3
{[%clk 0:56:29]} 33. Nc5 {[%clk 0:37:40]} Bxc5 {[%clk 0:56:31]} 34. Rxf4
{[%clk 0:36:05]} Bxb4 {[%clk 0:56:02]} 35. Rxh4 {[%clk 0:33:52]} Bxe1
{[%clk 0:55:49]} 36. Qxe1 {[%clk 0:34:02]} Qf6 {[%clk 0:55:02]} 37. Rg4
{[%clk 0:33:50]} Rd1 {[%clk 0:54:39]} 38. Qe3 {[%clk 0:29:00]} R8d3
{[%clk 0:53:30]} 39. Qxa7 {[%clk 0:28:10]} b6 {[%clk 0:53:14]} 40. f3
{[%clk 0:21:17]} R1d2 {[%clk 0:53:03]} 41. Kg1 {[%clk 0:49:21]} Rd8
{[%clk 1:21:03]} 42. Qc7 {[%clk 0:47:35]} Qd6 {[%clk 1:20:56]} 43. Qb7
{[%clk 0:46:12]} Qd4+ {[%clk 1:21:01]} 44. Kh2 {[%clk 0:45:09]} Rd1
{[%clk 1:20:34]} 45. Qe7 {[%clk 0:44:45]} Qg1+ {[%clk 1:20:32]} 46. Kg3
{[%clk 0:43:29]} R1d2 {[%clk 1:18:39]} 47. Kh4 {[%clk 0:39:31]} Qf2+
{[%clk 1:18:32]} 48. Kg5 {[%clk 0:32:17]} R2d6 {[%clk 1:15:33]} 49. Kf5
{[%clk 0:26:56]} Qc5 {[%clk 1:12:52]} 50. Qb7 {[%clk 0:21:39]} Qxb5
{[%clk 1:12:34]} 51. Qc7 {[%clk 0:19:02]} Qd7+ {[%clk 1:11:21]} 52. Qxd7
{[%clk 0:19:14]} R8xd7 {[%clk 1:11:46]} 53. Kxe5 {[%clk 0:19:29]} Rd3
{[%clk 1:12:09]} 54. Kf5 {[%clk 0:16:49]} Rxa3 {[%clk 1:10:40]} 55. e5
{[%clk 0:17:06]} b5 {[%clk 1:10:28]} 56. Rb4 {[%clk 0:16:59]} Rb7
{[%clk 1:10:33]} 57. e6 {[%clk 0:16:06]} fxe6+ {[%clk 1:10:48]} 58. Kxe6 Ra4 59.
Rb3 {[%clk 0:15:21]} b4 {[%clk 1:11:07]} 60. Kd5 Ra3 61. Rb1 {[%clk 0:13:26]} b3
{[%clk 1:11:07]} 0-1

[Event "World Chess Olympiad 2018"]
[Site "Batumi"]
[Date "2018.10.04"]
[Round "10"]
[Board "2"]
[WhiteFideId "21400067"]
[White "Esungi Guy Botetsi"]
[BlackFideId "10002251"]
[Black "Mlawa Hemed"]
[Result "0-1"]
[LiveChessVersion "1.4.8"]
[BlackElo "1828"]
[WhiteElo "1495"]

1. d4 {[%clk 1:30:43]} d5 {[%clk 1:30:25]} 2. c4 {[%clk 1:30:46]} e6
{[%clk 1:30:46]} 3. e3 {[%clk 1:30:26]} c6 {[%clk 1:31:06]} 4. Nf3
{[%clk 1:30:04]} Nf6 {[%clk 1:31:28]} 5. Nc3 {[%clk 1:29:36]} Be7
{[%clk 1:31:28]} 6. Be2 {[%clk 1:29:04]} O-O {[%clk 1:31:45]} 7. O-O
{[%clk 1:29:24]} Nbd7 {[%clk 1:31:58]} 8. c5 {[%clk 1:27:29]} b6 {[%clk 1:31:55]}
9. b4 {[%clk 1:27:00]} a5 {[%clk 1:32:00]} 10. Ba3 {[%clk 1:25:16]} axb4
{[%clk 1:31:46]} 11. Bxb4 {[%clk 1:25:01]} bxc5 {[%clk 1:32:08]} 12. dxc5
{[%clk 1:22:59]} Bxc5 {[%clk 1:31:42]} 13. Bxc5 {[%clk 1:22:47]} Nxc5
{[%clk 1:31:57]} 14. Qc2 {[%clk 1:21:25]} Ba6 {[%clk 1:31:14]} 15. Rfd1
{[%clk 1:19:26]} Bxe2 {[%clk 1:31:08]} 16. Qxe2 {[%clk 1:19:44]} Nce4
{[%clk 1:31:30]} 17. Nxe4 {[%clk 1:18:10]} Nxe4 {[%clk 1:31:53]} 18. Qd3
{[%clk 1:17:47]} c5 {[%clk 1:31:41]} 19. Qc2 {[%clk 1:14:11]} Qc7
{[%clk 1:30:06]} 20. Rab1 {[%clk 1:12:40]} Qa5 {[%clk 1:28:09]} 21. Rb2
{[%clk 1:10:49]} c4 {[%clk 1:28:01]} 22. Rb7 {[%clk 1:00:36]} Qxa2
{[%clk 1:27:02]} 23. Rb2 {[%clk 0:58:44]} Qa4 {[%clk 1:27:07]} 24. h3
{[%clk 0:55:00]} Qxc2 {[%clk 1:26:27]} 25. Rxc2 {[%clk 0:55:14]} Rfb8
{[%clk 1:26:52]} 26. Nd4 {[%clk 0:53:59]} Rb6 {[%clk 1:26:12]} 27. Kf1
{[%clk 0:52:00]} g6 {[%clk 1:26:24]} 28. Ke2 {[%clk 0:52:05]} Ra3
{[%clk 1:26:31]} 29. h4 {[%clk 0:49:02]} Nc3+ {[%clk 1:26:52]} 30. Kd2
{[%clk 0:47:55]} Nxd1 {[%clk 1:27:00]} 31. Kxd1 {[%clk 0:48:19]} Ra1+
{[%clk 1:26:45]} 32. Rc1 {[%clk 0:47:31]} Ra2 {[%clk 1:26:11]} 33. Nc2
{[%clk 0:45:49]} Rb3 {[%clk 1:25:48]} 34. Ra1 {[%clk 0:44:05]} Rxa1+
{[%clk 1:26:13]} 35. Nxa1 {[%clk 0:44:21]} Rb1+ {[%clk 1:26:42]} 36. Kc2
{[%clk 0:43:52]} Rxa1 {[%clk 1:26:49]} 37. Kc3 {[%clk 0:43:31]} Ra2
{[%clk 1:27:00]} 38. e4 {[%clk 0:43:10]} Rxf2 {[%clk 1:27:22]} 39. exd5
{[%clk 1:13:06]} exd5 {[%clk 1:57:47]} 0-1